[Event "ROM-ch U10"]
[Site "Calimanesti Caciulata"]
[Date "2016.04.20"]
[Round "3"]
[White "Sekeres, Viktor Eduard"]
[Black "Nicolae, Dan Stefan"]
[Result "0-1"]
[WhiteElo "1105"]
[BlackElo "1206"]
[PlyCount "93"]
[EventDate "2016.04.18"]
[EventType "swiss"]
[EventRounds "9"]
[EventCountry "ROU"]
[SourceTitle "CBM 172 Extra"]
[Source "ChessBase"]
[SourceDate "2016.06.21"]
[SourceVersion "1"]
[SourceVersionDate "2016.06.21"]
[SourceQuality "1"]

1. d4 d5 2. c4 e6 3. Nc3 Nf6 4. Nf3 Be7 5. e3 c5 6. Bd3 0-0 7. 0-0 Nc6 8. Re1 Re8 9. b3 b6 10. Bc2 Na5 11. Qd3 Ba6 12. Nd2 Nc6 13. Ba3 dxc4 14. bxc4 cxd4 15. Bxe7 Rxe7 16. exd4 Qxd4 17. Qxd4 Nxd4 18. Be4 Rc8 19. Bd3 Rd7 20. Re3 Rcd8 21. Rd1 Nc6 22. Nf3 Bxc4 23. Bxc4 Rxd1+ 24. Nxd1 Rxd1+ 25. Re1 Rxe1+ 26. Nxe1 Nd5 27. Bb5 Nd4 28. Bd3 Nb4 29. Bb1 Ne2+ 30. Kf1 Nc3 31. a3 Nxb1 32. axb4 Kf8 33. Nf3 Nc3 34. Nd4 Nd5 35. Nc6 Ke8 36. b5 Nc7 37. Nxa7 Kd7 38. Ke2 Kd6 39. Nc8+ Kc5 40. Na7 Nxb5 41. Nc8 Nd6 42. Na7 b5 43. Kd2 Kb6 44. Nxb5 Nxb5 45. Ke3 Kc5 46. g4 Kd5 47. f4 0-1